| 000 | 00576nam a22001817a 4500 | ||
|---|---|---|---|
| 999 |
_c157898 _d157898 |
||
| 005 | 20181008125532.0 | ||
| 010 | _aENG-124210 | ||
| 020 |
_c320.00 _a9788193840337 |
||
| 035 | _aEN-107742 | ||
| 037 | _bDBAD/PUB | ||
| 082 | _a304.2 | ||
| 100 | _aHaldar, Ashok Kumar | ||
| 245 |
_aThe diversify life journey of human beings / _cby Ashok Kumar Haldar |
||
| 260 |
_aWest Bengal _c2018 _bAshok Kumar Haldar |
||
| 270 |
_bWest Bengal _aBidhanpally, P.O. Jhaljhalia, District Malda, _e732102 |
||
| 300 |
_a128p. _c21(Hb.) _bill. |
||
| 942 |
_2ddc _cEN _h304.2 _mHAL |
||